Biggest Irish Cities A-Z - Statistics

General Stats
  • This quiz has been taken 38 times
  • The average score is 7 of 24
Answer Stats
Letter Population City % Correct
D 1,263,219 Dublin
100%
C 222,526 Cork
97%
L 102,287 Limerick
87%
G 85,910 Galway
84%
W 60,079 Waterford
82%
K 27,184 Kilkenny
66%
A 22,869 Athlone
37%
E 27,923 Ennis
37%
T 26,079 Tralee
29%
B 33,512 Bray
24%
N 33,886 Navan
21%
S 40,776 Swords
18%
P 23,494 Portlaoise
16%
Y 8,564 Youghal
16%
M 22,667 Mullingar
13%
Q 922 Quin
5%
O 5,819 Oranmore
3%
V 3,211 Virginia
3%
F 6,720 Fermoy
0%
H 1,235 Headford
0%
I 1,043 Innishannon
0%
J 1,320 Johnstown
0%
R 10,875 Rush
0%
U 1,196 Urlingford
0%
No matching quizzes found
Score Distribution
Percent of People with Each Score
Percentile by Number Answered
Your Score History
You have not taken this quiz